|
|
|
|
| LEADER |
02081njm a2200541 i 4500 |
| 001 |
001767729 |
| 005 |
20210526084008.0 |
| 007 |
sd bsmennmplne |
| 008 |
200909p1982 xr mun g eh|||||| zxx d |
| 040 |
|
|
|a BOA001
|b cze
|e rda
|
| 041 |
0 |
|
|g cze
|g eng
|
| 043 |
|
|
|a n-us---
|
| 045 |
|
|
|a x-x-
|
| 047 |
|
|
|a co
|a rp
|
| 048 |
|
|
|a ka01
|a oa01
|
| 072 |
|
7 |
|a 786
|x Hudba pro klávesové nástroje
|2 Konspekt
|9 9
|
| 080 |
|
|
|a 786.2
|2 MRF
|
| 080 |
|
|
|a 78.082.4
|2 MRF
|
| 080 |
|
|
|a 78.083.5
|2 MRF
|
| 080 |
|
|
|a (086.72)
|2 MRF
|
| 100 |
1 |
|
|a Gershwin, George,
|d 1898-1937
|7 jn19990002641
|4 cmp
|
| 245 |
1 |
0 |
|a Koncert pro klavír a orchestr F dur =
|b Concerto in F for piano and orchestra ; II. Rapsódie pro klavír a orchestr = Second rhapsody for piano and orchestra /
|c G. Gershwin
|
| 246 |
3 |
1 |
|a Concerto in F for piano and orchestra
|
| 246 |
3 |
1 |
|a Second rhapsody for piano and orchestra
|
| 264 |
|
1 |
|a Praha :
|b Panton,
|c [1982]
|
| 264 |
|
4 |
|c ℗1982
|
| 300 |
|
|
|a 1 gramofonová deska ;
|c 30 cm
|
| 336 |
|
|
|a hraná hudba
|b prm
|2 rdacontent
|
| 337 |
|
|
|a audio
|b s
|2 rdamedia
|
| 338 |
|
|
|a audiodisk
|b sd
|2 rdacarrier
|
| 340 |
|
|
|a vinyl
|2 rda
|
| 344 |
|
|
|a analog
|c 33 1/3 ot/min
|g stereo
|2 rda
|
| 382 |
0 |
|
|a klavír
|n 1
|a symfonický orchestr
|e 1
|s 1
|t 1
|
| 511 |
1 |
|
|a Vlastimil Lejsek - klavír ; Státní filharmonie Brno, řídí Miloš Konvalinka
|
| 518 |
|
|
|o Nahráno
|d 1981
|p studio "Dukla", Brno
|
| 648 |
|
7 |
|a 20. století
|7 ch460558
|
| 650 |
0 |
7 |
|a hudba pro klavír
|7 ph114721
|2 czenas
|
| 650 |
0 |
7 |
|a koncerty
|7 ph121790
|2 czenas
|
| 650 |
0 |
7 |
|a rapsodie
|7 ph321705
|2 czenas
|
| 655 |
|
7 |
|a gramofonové desky
|7 fd186718
|2 czenas
|
| 700 |
1 |
2 |
|a Gershwin, George,
|d 1898-1937.
|t Second Rhapsody
|
| 700 |
1 |
|
|a Lejsek, Vlastimil,
|d 1927-2010
|7 jo20000069691
|4 itr
|
| 700 |
1 |
|
|a Konvalinka, Miloš,
|d 1919-2000
|7 jn20000710266
|4 cnd
|
| 710 |
2 |
|
|a Státní filharmonie Brno
|7 kn20030215152
|4 itr
|
| 740 |
0 |
2 |
|a II. Rapsódie pro klavír a orchestr
|
| 910 |
|
|
|b LP-1468.288
|
| 990 |
|
|
|a AV
|
| 996 |
6 |
|
|b 2610868444
|c LP-1468.288
|l MZK
|r Sklad / do 24 hodin
|n 0
|p dar
|w 001853961
|u 000010
|a 1
|e BOA001
|j MZK50
|s P
|